[Event "AUT-ch U16 Girls Online Rapid"]
[Site "Playchess.com INT"]
[Date "2020.12.13"]
[Round "3"]
[White "Jeitler, Selina"]
[Black "Fabian, Kerstin"]
[Result "0-1"]
[WhiteElo "1560"]
[BlackElo "1312"]
[PlyCount "72"]
[EventDate "2020.12.13"]
[EventType "tourn (rapid)"]
[EventRounds "7"]
[EventCountry "AUT"]
[SourceTitle "EXT 2022"]
[Source "ChessBase"]
[SourceDate "2021.10.06"]
[SourceVersion "1"]
[SourceVersionDate "2021.10.06"]
[SourceQuality "1"]

1. e4 c5 2. Nf3 e6 3. d4 cxd4 4. Nxd4 Nc6 5. Nc3 a6 6. Be2 Qc7 7. a3 Nf6 8. Be3 Be7 9. 0-0 0-0 10. Bf3 Rd8 11. Nde2 d6 12. Ng3 b5 13. Qe2 Bb7 14. Rad1 Rac8 15. Kh1 Ne5 16. Bg5 h6 17. Bc1 Nxf3 18. gxf3 Kh8 19. Rg1 d5 20. e5 Nd7 21. Nh5 Rg8 22. f4 d4+ 23. f3 dxc3 24. bxc3 Qxc3 25. Rd3 Qxc2 26. Qxc2 Rxc2 27. Rgd1 Rgc8 28. Ng3 Rxc1 29. Kg2 Rxd1 30. Rxd1 Rc2+ 31. Kh3 Nc5 32. Nf1 Bxf3 33. Re1 Bg2+ 34. Kg3 Bxf1 35. Rxf1 Ne4+ 36. Kf3 Nd2+ 0-1

[Event "AUT-ch U16 Girls Online Rapid"]
[Site "Playchess.com INT"]
[Date "2020.12.13"]
[Round "4"]
[White "Mandzhieva, Altana"]
[Black "Fabian, Kerstin"]
[Result "0-1"]
[WhiteElo "1538"]
[BlackElo "1406"]
[PlyCount "136"]
[EventDate "2020.12.13"]
[EventType "tourn (rapid)"]
[EventRounds "7"]
[EventCountry "AUT"]
[SourceTitle "EXT 2022"]
[Source "ChessBase"]
[SourceDate "2021.10.06"]
[SourceVersion "1"]
[SourceVersionDate "2021.10.06"]
[SourceQuality "1"]

1. e4 c5 2. Nc3 e6 3. g3 Nc6 4. Bg2 Nf6 5. Nge2 b6 6. d3 Bb7 7. h3 d5 8. 0-0 Be7 9. f4 d4 10. Nb5 a6 11. Na3 Nd7 12. f5 exf5 13. exf5 0-0 14. Bf4 Re8 15. Qd2 Na5 16. Be4 Nf6 17. Bg2 Bxg2 18. Kxg2 Qd5+ 19. Kh2 Qxf5 20. Bc7 Qe6 21. Rae1 Qc6 22. Bf4 Nd5 23. Bg5 Bxg5 24. Qxg5 Ne3 25. Rf2 f6 26. Qf4 Re5 27. g4 Rae8 28. Rg1 b5 29. Ng3 b4 30. Nc4 Naxc4 31. dxc4 Nxc4 32. Nf5 Re2 33. Rgg2 Rxf2 34. Rxf2 Ne3 35. g5 Nxf5 36. Qxf5 Qc7+ 37. Kg2 Qe5 38. gxf6 Qxf5 39. Rxf5 gxf6 40. Rxf6 Re2+ 41. Rf2 Rxf2+ 42. Kxf2 Kf7 43. Kf3 Ke6 44. Ke4 h5 45. h4 a5 46. b3 Kd6 47. Kf5 Kd5 48. Kf4 c4 49. Kf3 cxb3 50. axb3 Kc5 51. Ke2 Kd5 52. Kd3 Kc5 53. Ke4 Kb5 54. Kxd4 a4 55. bxa4+ Kxa4 56. Kc4 Ka3 57. Kd3 Ka2 58. Kc4 Ka3 59. Kd3 Kb2 60. Kc4 Kxc2 61. Kxb4 Kd3 62. Kc5 Ke4 63. Kd6 Kf4 64. Ke6 Kg4 65. Ke5 Kxh4 66. Ke4 Kg3 67. Ke3 h4 68. Ke2 Kg2 0-1

[Event "AUT-ch U16 Girls Online Blitz"]
[Site "Playchess.com INT"]
[Date "2020.12.11"]
[Round "7"]
[White "Fabian, Kerstin"]
[Black "Egger, Stefanie"]
[Result "0-1"]
[WhiteElo "1620"]
[BlackElo "1560"]
[PlyCount "104"]
[EventDate "2020.12.11"]
[EventType "tourn (blitz)"]
[EventRounds "7"]
[EventCountry "AUT"]
[SourceTitle "EXT 2022"]
[Source "ChessBase"]
[SourceDate "2021.10.06"]
[SourceVersion "1"]
[SourceVersionDate "2021.10.06"]
[SourceQuality "1"]

1. e4 e5 2. Nc3 Nf6 3. Bc4 Bc5 4. d3 h6 5. f4 exf4 6. Bxf4 d6 7. d4 Bb4 8. Nge2 0-0 9. 0-0 Bg4 10. Nd5 Nxd5 11. Bxd5 c6 12. Bc4 d5 13. exd5 cxd5 14. Bd3 Nc6 15. c3 Bd6 16. Bxd6 Qxd6 17. Qd2 Rae8 18. Rae1 Na5 19. b3 Nc6 20. Qf4 Qxf4 21. Nxf4 Rxe1 22. Rxe1 Rd8 23. Nxd5 Be6 24. Nf4 Bd5 25. Nxd5 Kf8 26. Nf4 Ne7 27. h3 Rc8 28. c4 Rd8 29. d5 Rd6 30. Bc2 Rf6 31. Re4 Rd6 32. Kh2 b6 33. Bd3 a5 34. Bc2 Rd7 35. g4 Rd6 36. Kg3 Rd7 37. g5 hxg5 38. Nd3 Nf5+ 39. Kg4 Nh6+ 40. Kxg5 f6+ 41. Kf4 Nf7 42. Kf5 Ng5 43. h4 Nxe4 44. Kxe4 Re7+ 45. Kf5 Kf7 46. d6 Rd7 47. c5 g6+ 48. Ke4 Ke6 49. Nf4+ Kf7 50. Kd5 bxc5 51. Kxc5 g5 52. hxg5 fxg5 0-1

[Event "AUT-ch U16 Girls Online Blitz"]
[Site "Playchess.com INT"]
[Date "2020.12.11"]
[Round "3"]
[White "Fabian, Kerstin"]
[Black "Stadlinger, Lea"]
[Result "0-1"]
[WhiteElo "1620"]
[BlackElo "1493"]
[PlyCount "98"]
[EventDate "2020.12.11"]
[EventType "tourn (blitz)"]
[EventRounds "7"]
[EventCountry "AUT"]
[SourceTitle "EXT 2022"]
[Source "ChessBase"]
[SourceDate "2021.10.06"]
[SourceVersion "1"]
[SourceVersionDate "2021.10.06"]
[SourceQuality "1"]

1. e4 e5 2. Nc3 Nc6 3. Bc4 Bc5 4. d3 Nf6 5. f4 d6 6. f5 g6 7. g4 Bd7 8. Bg5 h6 9. Bxf6 Qxf6 10. Nf3 0-0-0 11. Qd2 h5 12. g5 Qg7 13. f6 Qh7 14. 0-0-0 Bg4 15. Rdf1 Rde8 16. h3 Be6 17. Bxe6+ Rxe6 18. Nd5 Ree8 19. h4 Nd4 20. c3 Ne6 21. d4 exd4 22. cxd4 Bb6 23. Kb1 Rhf8 24. Rc1 c6 25. Nxb6+ axb6 26. d5 Nc5 27. b4 Nxe4 28. Qc2 c5 29. bxc5 bxc5 30. Qb2 Kc7 31. Rc4 Nf2 32. Rhc1 Nd3 33. Qa3 Nxc1 34. Qa5+ Kb8 35. Kxc1 Rc8 36. Qb6 Rc7 37. Ra4 Kc8 38. Qa7 Kd7 39. Qxb7 Rxb7 40. Re4 Rfb8 41. Re7+ Kd8 42. Rxb7 Rxb7 43. Kd2 Qg8 44. Kd3 Qe8 45. Kd2 Ra7 46. Kc3 Qe4 47. Kd2 Qf4+ 48. Ke2 Rxa2+ 49. Ke1 Qc1# 0-1

[Event "AUT-ch U16 Girls Online Blitz"]
[Site "Playchess.com INT"]
[Date "2020.12.11"]
[Round "4"]
[White "Mandzhieva, Altana"]
[Black "Fabian, Kerstin"]
[Result "1-0"]
[WhiteElo "1541"]
[BlackElo "1620"]
[PlyCount "47"]
[EventDate "2020.12.11"]
[EventType "tourn (blitz)"]
[EventRounds "7"]
[EventCountry "AUT"]
[SourceTitle "EXT 2022"]
[Source "ChessBase"]
[SourceDate "2021.10.06"]
[SourceVersion "1"]
[SourceVersionDate "2021.10.06"]
[SourceQuality "1"]

1. e4 c5 2. Nc3 e6 3. g3 Nc6 4. Bg2 Nf6 5. d3 d5 6. Nge2 d4 7. Nb1 e5 8. 0-0 Be7 9. c3 0-0 10. h3 Be6 11. f4 Qc7 12. f5 Bd7 13. g4 g6 14. Ng3 Kh8 15. Bh6 Rfc8 16. g5 Ng8 17. fxg6 fxg6 18. Rf7 Nxh6 19. gxh6 Rf8 20. Qf3 Qc8 21. Kh2 Bg5 22. Nd2 Bxd2 23. Qf6+ Kg8 24. Qg7# 1-0

[Event "Styrian op U14/18 26th"]
[Site "Mureck"]
[Date "2019.08.01"]
[Round "2"]
[White "Hanc, Nejc"]
[Black "Fabian, Kerstin"]
[Result "1-0"]
[WhiteElo "1479"]
[BlackElo "1308"]
[PlyCount "55"]
[EventDate "2019.07.31"]
[EventType "swiss"]
[EventRounds "9"]
[EventCountry "AUT"]
[SourceTitle "EXT 2020"]
[Source "ChessBase"]
[SourceDate "2019.10.17"]
[SourceVersion "1"]
[SourceVersionDate "2019.10.17"]
[SourceQuality "1"]

1. c4 e5 2. g3 Nc6 3. Bg2 g6 4. Nc3 Bg7 5. d3 Nh6 6. e4 d6 7. Nge2 0-0 8. f4 f5 9. 0-0 Be6 10. b3 Qd7 11. Bb2 Rae8 12. Rb1 Nd4 13. Nxd4 exd4 14. Ne2 Ng4 15. Bc1 c6 16. h3 Ne3 17. Bxe3 dxe3 18. Kh2 d5 19. e5 dxc4 20. bxc4 Rd8 21. Rc1 Qxd3 22. Bd5 Qd2 23. Bxe6+ Kh8 24. Qe1 Rfe8 25. Bf7 Rf8 26. e6 Qxe1 27. Rfxe1 Rd2 28. e7 1-0

[Event "AUT-ch U14 Girls"]
[Site "St Kanzian"]
[Date "2018.05.21"]
[Round "5.7"]
[White "Castrignano, Lena"]
[Black "Fabian, Kerstin"]
[Result "1-0"]
[WhiteElo "800"]
[BlackElo "932"]
[PlyCount "49"]
[EventDate "2018.05.19"]
[EventType "swiss"]
[EventRounds "7"]
[EventCountry "AUT"]
[SourceTitle "EXT 2024"]
[Source "ChessBase"]
[SourceDate "2023.10.10"]
[SourceVersion "1"]
[SourceVersionDate "2023.10.10"]
[SourceQuality "1"]

1. e4 e5 2. Nf3 Nc6 3. Nc3 Nf6 4. Bb5 a6 5. Bxc6 dxc6 6. Nxe5 Qe7 7. d4 g6 8. Qf3 c5 9. Be3 Bg7 10. Qf4 Nh5 11. Nd5 cxd4 12. Bxd4 Nxf4 13. Nxe7 Bxe5 14. Bxe5 Ne6 15. Nd5 Rf8 16. Nf6+ Ke7 17. Nd5+ Kd8 18. 0-0-0 Bd7 19. Bc3 c6 20. Nb6 Rb8 21. Rxd7+ Ke8 22. Bf6 h5 23. Re7+ Kd8 24. Rd1+ Nd4 25. Rxd4# 1-0

[Event "AUT-ch U14 Girls"]
[Site "St Kanzian"]
[Date "2018.05.21"]
[Round "6.6"]
[White "Fabian, Kerstin"]
[Black "Hiebner, Carina"]
[Result "0-1"]
[WhiteElo "932"]
[BlackElo "1535"]
[PlyCount "62"]
[EventDate "2018.05.19"]
[EventType "swiss"]
[EventRounds "7"]
[EventCountry "AUT"]
[SourceTitle "EXT 2024"]
[Source "ChessBase"]
[SourceDate "2023.10.10"]
[SourceVersion "1"]
[SourceVersionDate "2023.10.10"]
[SourceQuality "1"]

1. e4 d6 2. d4 Nf6 3. Nc3 g6 4. Nf3 Bg7 5. Be3 0-0 6. Qd2 Bg4 7. Be2 Nc6 8. Bh6 Bxf3 9. Bxf3 e5 10. d5 Ne7 11. Bxg7 Kxg7 12. 0-0-0 c6 13. h4 Nfg8 14. h5 c5 15. Rh2 h6 16. Rdh1 g5 17. Rh3 Qa5 18. Kb1 b5 19. Rg3 f6 20. Rh4 b4 21. Ne2 c4 22. Ng1 c3 23. Qe3 cxb2 24. Qb3 Qa3 25. Qxb2 Qxb2+ 26. Kxb2 Kf7 27. Rhg4 Rfc8 28. Ne2 a5 29. Nc1 a4 30. Nd3 Rab8 31. Kc1 b3 0-1

[Event "AUT-ch U14 Girls"]
[Site "St Kanzian"]
[Date "2018.05.20"]
[Round "4.6"]
[White "Fabian, Kerstin"]
[Black "Vida, Timea"]
[Result "0-1"]
[WhiteElo "932"]
[BlackElo "1254"]
[PlyCount "66"]
[EventDate "2018.05.19"]
[EventType "swiss"]
[EventRounds "7"]
[EventCountry "AUT"]
[SourceTitle "EXT 2024"]
[Source "ChessBase"]
[SourceDate "2023.10.10"]
[SourceVersion "1"]
[SourceVersionDate "2023.10.10"]
[SourceQuality "1"]

1. e4 e5 2. Nf3 Nc6 3. d4 exd4 4. Nxd4 Bc5 5. Be3 Qf6 6. c3 d6 7. Qa4 Bd7 8. Bc4 Nxd4 9. Bxd4 Bxa4 10. Bxf6 Nxf6 11. b4 Bb6 12. b5 Bc2 13. Nd2 Bxe4 14. Nxe4 Nxe4 15. 0-0 0-0 16. Rac1 Nd2 17. Rfe1 Nxc4 18. Re4 Ne5 19. h3 Rfe8 20. Kf1 Nd3 21. Rxe8+ Rxe8 22. Rd1 Nxf2 23. Rc1 a5 24. bxa6 bxa6 25. a4 a5 26. c4 Nd3 27. Rb1 Rb8 28. Ke2 Nc5 29. Kf3 Nxa4 30. Re1 h6 31. g4 Nb2 32. Ke4 Re8+ 33. Kd5 Rxe1 0-1